ការអង្កេត និងពិសោធន៍ពីឥទ្ធិពលនៃបច្ចេកទេសដាំដុះលើការវិវត្តន៍របស់សត្វល្អិតនៃសណ្ដែកបាយ (Record no. 146)
[ view plain ]
| 000 -LEADER | |
|---|---|
| fixed length control field | 00633nam a22001577a 4500 |
| 003 - CONTROL NUMBER IDENTIFIER | |
| control field | OSt |
| 005 - DATE AND TIME OF LATEST TRANSACTION | |
| control field | 20150908155719.0 |
| 008 - FIXED-LENGTH DATA ELEMENTS--GENERAL INFORMATION | |
| fixed length control field | 150908b xxu||||| |||| 00| 0 eng d |
| 040 ## - CATALOGING SOURCE | |
| Transcribing agency | RUA |
| 082 ## - DEWEY DECIMAL CLASSIFICATION NUMBER | |
| Classification number | AGR សូ 1993 B006 Or.1 |
| 100 ## - MAIN ENTRY--PERSONAL NAME | |
| 9 (RLIN) | 165 |
| Personal name | សូ ខនឬទ្ធីគុណ |
| 245 ## - TITLE STATEMENT | |
| Title | ការអង្កេត និងពិសោធន៍ពីឥទ្ធិពលនៃបច្ចេកទេសដាំដុះលើការវិវត្តន៍របស់សត្វល្អិតនៃសណ្ដែកបាយ |
| 260 ## - PUBLICATION, DISTRIBUTION, ETC. (IMPRINT) | |
| Place of publication, distribution, etc. | Phnom Penh |
| Name of publisher, distributor, etc. | RUA |
| Date of publication, distribution, etc. | 1993 |
| 300 ## - PHYSICAL DESCRIPTION | |
| Extent | 102p. |
| Other physical details | ill. |
| Dimensions | 29cm. |
| 942 ## - ADDED ENTRY ELEMENTS (KOHA) | |
| Source of classification or shelving scheme | |
| Koha item type | AGR |
| Price effective from | Date last seen | Permanent Location | Not for loan | Date acquired | Source of classification or shelving scheme | Koha item type | Barcode | Lost status | Damaged status | Shelving location | Withdrawn status | Current Location | Full call number |
|---|---|---|---|---|---|---|---|---|---|---|---|---|---|
| 2015-09-08 | 2015-09-08 | Library Block B | 2015-09-08 | AGR | RUA003731 | B006 | Library Block B | AGR សូ 1993 B006 Or.1 | |||||
| 2015-09-08 | 2015-09-08 | Library Block B | 2015-09-08 | AGR | RUA003659 | B006 | Library Block B | AGR សូ 1993 B006 Or.2 | |||||
| 2015-09-08 | 2015-09-08 | Library Block B | 2015-09-08 | AGR | RUA003587 | B006 | Library Block B | AGR សូ 1993 B006 Or.3 | |||||
| 2015-09-08 | 2015-09-08 | Library Block B | 2015-09-08 | AGR | RUA005587 | B006 | Library Block B | AGR សូ 1993 B006 Or.4 | |||||
| 2015-09-08 | 2015-09-08 | Library Block B | 2015-09-08 | AGR | RUA003735 | B006 | Library Block B | AGR សូ 1993 B006 Or.5 | |||||
| 2015-09-08 | 2015-09-08 | Library Block B | 2015-09-08 | AGR | RUA005816 | B006 | Library Block B | AGR សូ 1993 B006 Or.6 | |||||
| 2016-01-26 | 2016-01-26 | Library Block B | 2016-01-26 | AGR | RUA035296 | Library Block B | AGR សូ 1993 B006 Or.7 |